书目信息 |
| 题名: |
数字动画创意素描
|
|
| 作者: | 曹洋 编著 | |
| 分册: | ||
| 出版信息: | 南京 南京大学出版社 2019.12 |
|
| 页数: | 108页 | |
| 开本: | 26cm | |
| 丛书名: | 高等院校动画、数字媒体类系列教材 | |
| 单 册: | ||
| 中图分类: | J218.7-39 | |
| 科图分类: | ||
| 主题词: | 数字技术--shu zi ji shu--应用--动画--绘画技法--高等学校--教材 | |
| 电子资源: | ||
| ISBN: | 978-7-305-22640-3 | |
| 000 | 01049nam 2200253 450 | |
| 001 | 2034713579 | |
| 005 | 20201106093839.23 | |
| 010 | @a978-7-305-22640-3@dCNY48.00 | |
| 100 | @a20200603d2019 em y0chiy50 ea | |
| 101 | 0 | @achi |
| 102 | @aCN@b320000 | |
| 105 | @aa z 000yy | |
| 200 | 1 | @a数字动画创意素描@Ashu zi dong hua chuang yi su miao@d= Creative sketch of digital animation@f曹洋编著@zeng |
| 210 | @a南京@c南京大学出版社@d2019.12 | |
| 215 | @a108页@c图@d26cm | |
| 225 | 2 | @a高等院校动画、数字媒体类系列教材@Agao deng yuan xiao dong hua 、shu zi mei ti lei xi lie jiao cai |
| 330 | @a本书内容包括自动绘画、二维及三维分形绘画、照片重构、VR360绘画等多种新型绘画手段, 致力于给读者呈现一种全新与独特的多元化绘画技法。 | |
| 410 | 0 | @12001 @a高等院校动画、数字媒体类系列教材 |
| 510 | 1 | @aCreative sketch of digital animation@zeng |
| 606 | 0 | @a数字技术@Ashu zi ji shu@x应用@x动画@x绘画技法@x高等学校@j教材 |
| 690 | @aJ218.7-39@v5 | |
| 701 | 0 | @a曹洋@Acao yang@4编著 |
| 801 | 0 | @aCN@b人天书店@c20200929 |
| 905 | @aZUCC@dJ218.7-39@eC162 | |
| 数字动画创意素描= Creative sketch of digital animation/曹洋编著.-南京:南京大学出版社,2019.12 |
| 108页:图;26cm.-(高等院校动画、数字媒体类系列教材) |
| ISBN 978-7-305-22640-3:CNY48.00 |
| 本书内容包括自动绘画、二维及三维分形绘画、照片重构、VR360绘画等多种新型绘画手段, 致力于给读者呈现一种全新与独特的多元化绘画技法。 |
| ● |
| 相关链接 |
|
|
|
正题名:数字动画创意素描
索取号:J218.7-39/C162
 
预约/预借
| 序号 | 登录号 | 条形码 | 馆藏地/架位号 | 状态 | 备注 |
| 1 | 1481476 | 214814762 | 社科库309/309社科库 74排2列6层/ [索取号:J218.7-39/C162] | 在馆 | |
| 2 | 1481477 | 214814771 | 社科库309/309社科库 74排2列6层/ [索取号:J218.7-39/C162] | 在馆 |